Personnage dragon ball/Z/super niveau difficile - Statistiques

Statistiques générales
  • Ce quiz a été pris 53 fois
  • Le résultat moyen est 9 sur 15
Statistiques - réponses
Hint Réponse % Correct
Sbire de Babidi qui affronta videl Spopovich
76%
Père de freezer Cold
74%
Fusion de kaioshin et de son bras droit Kibitoshin
74%
Père de upa Bora
71%
Rival de vegeta sur namek Kiwi
71%
Fusion d'un grand nombre de combattants lors du tournoi du pouvoir Anilaza
68%
Membre du commando ginyu qui affronta gohan et krilin avant d'être vaincu par goku Reecome
68%
Maître de kame sennin et de tsuru sennin Mutaito
66%
Sbire qui ressuscita Freezer Sorbet
61%
Sbire de piccolo daimao vaincu par Goku avant leur affrontement Drum
58%
Chien ninja Shu
58%
Divinité qui sait tout Zuno
58%
Sbire de freezer qui retrouva broly avec lemo Cheely
45%
Dieu de la destruction cachée dans un robot Moscow
45%
Petite fille qui est ami avec C-8 Suno
34%
Aucun quiz correspondant
Distribution des résultats
% des personnes avec chaque résultat
Percentile par nombre de réponses
Votre historique - résultats
Vous n’avez pas pris ce quiz